000 00841nam a2200253 i 4500
001 6984
003 ES-MaACL
005 20230906145133.0
007 t|
008 900719s1990 sp |||| | spa d
020 _a84-7423-463-8
080 _a355"15/17"
100 1 _aParker, Geoffrey.
_989177
245 1 3 _aLa revolucion militar
_b: las innovaciones militares y el apogeo de Occidente, 1500-1800 /
_cGeoffrey Parker ; traduccion castellana de Alberto Piris.
260 _aBarcelona :
_bCritica,
_cD.L. 1990.
300 _a299 p. :
_bil. ;
_c20 cm.
490 1 _aSerie general. La sociedad ;
_v212
500 _aÍndices.
650 1 4 _aHistoria militar-
_yS.XVI-XVIII.
_9167954
700 1 _aPiris, Alberto.
_992345
830 0 _aSerie general. La sociedad ;
_v212
_9183746
852 _aES-MaACL
_jL-14217
999 _c6984
_d6984